000
00404nam a22001697a 4500
003
MPLRDC
005
20220104123552.0
008
210129b ||||| |||| 00| 0 eng d
082
_a
548.171 QYB
100
_a
曲彦斌
245
_a
中国乞丐史
_c
250
_a
一版一刷
260
_a
_b
上海文艺出版社
_c
1990
300
_b
平
650
_a
乞丐--中国
942
_c
BK
_o
548.171 QYB
999
_c
12450
_d
12440